Devine l'intro/ l'outro YouTube ! #1 - Statistiques

Statistiques générales
  • Ce quiz a été pris 128 fois
  • Le résultat moyen est 5 sur 13
Statistiques - réponses
Intro/ Outro Youtubeur/ Youtubeuse % Correct
Damn la TeamShape, j'espère que vous allez bien ! TiboInshape
94%
Clap bonjour ! Amixem
86%
Bonsoir ! Mcfly et Carlito
74%
Yo les petits potes, c'est [...] Michou
54%
Bonjour et bienvenue dans faux raccords, votre analyse d'après film en compagnie de Michel, le spécialiste technique de l'emission ! Bonjour Michel - Bonjour Michel Allo Ciné
35%
Comment ça va YouTube ? Le rire jaune Kevin Tran
35%
Choisis le prochain épisode, en fin de vidéo Math se fait des films
25%
Yop tout le monde, c'est [...] Idreau/ Gotaga
18%
N'oubliez pas qu'une journée sans rire est une journée perdue ! Sora
13%
Salut à tous, ici [...] Dr Nozman
9%
Bonjour à tous, j'espère que vous allez bien, moi ça va ! SEB
7%
Gros bisous ! Sylvain Levy
7%
D'ici là portez vous bien et soyez heureux, c'est le plus important. Ciao ! Anthoine Daniel
1%
Aucun quiz correspondant
Distribution des résultats
% des personnes avec chaque résultat
Percentile par nombre de réponses
Votre historique - résultats
Vous n’avez pas pris ce quiz